LEADER 01597nam a2200361 4500 001 000000349287 003 CaOOAMICUS 005 20220304102743.0 008 220128s2021 it a 000 u ita r 020 $a978-88-266-0574-6 040 $aSeMil$bita 100 0 $aFranciscus I,$c.$0(OLS)http://semarc/name/2737 245 13$aLa forza della speranza :$bpensieri in tempo di pandemia /$cpapa Francesco ; prefazione Gianfranco Ravasi. 264 1$aCittą del Vaticano :$bLibreria Editrice Vaticana,$c2021. 300 $a55 p. :$bill. ;$c15 cm 490 1 $aCelebrare 541 0 $aOmaggio mons. Mario Delpini (2A II 566) 650 4$aCovid-19 - Fede.$0(OLS)http://semarc/subject/49638 650 4$aFrancesco I - Meditazioni.$0(OLS)http://semarc/subject/40599 700 1 $aRavasi, Gianfranco,$c.$0(OLS)http://semarc/name/244 830 0$aCelebrare.$0(OLS)http://semarc/title/32311 850 $aSeMil 852 $aSeMil$W1$xVenegono$y1$m2A II 566$j231987$B240347$CSeMilBibl$Z2$F240347 $81 900 1 $aBergoglio, Jorge Mario,$d<1936-2025>. 900 0 $aFrancesco I$c. 941 1 $a7 961 $aOmaggio mons. Mario Delpini 996 $6020$a978-88-266-0574-6$9(OLS)http://semarc/number/295181 996 $6245$aLa forza della speranza :$bpensieri in tempo di pandemia$9(OLS)http://semarc/title/438834 996 $6264$aCittą del Vaticano :$bLibreria Editrice Vaticana$9(OLS)http://semarc/publisher/29734 LEADER 00849naa a2200157 i 4500 001 000000330134 003 CaOOAMICUS 005 20180831173633.0 008 180831n it u000 u ita u 013 $a41881 040 $aSeMil$bita 245 13$aIl rito ebraico di Kippur :$bil sangue nel tempio, il peccato nel deserto. 650 4$aEbraismo - Teshuvah.$0(OLS)http://semarc/subject/43173 650 4$aEbraismo - Kippur.$0(OLS)http://semarc/subject/47537 773 0 $aColloquio sulla Interpretazione <12. , 1991 ; Macerata>$tInterpretazione e perdono.$dGenova : Marietti, 1992.$kPubblicazioni della Facoltą di lettere e filosofia$kPubblicazioni della Facoltą di lettere e filosofia. Atti di convegni$z88-211-8585-6$gp.47-74$w()110122 996 $6245$aIl rito ebraico di Kippur :$bil sangue nel tempio, il peccato nel deserto.$9(OLS)http://semarc/title/418592